Air Pollution (Record no. 194179)

000 -LEADER
fixed length control field 00404nam a2200157Ia 4500
008 - FIXED-LENGTH DATA ELEMENTS--GENERAL INFORMATION
fixed length control field 221229s9999 xx 000 0 und d
020 ## - INTERNATIONAL STANDARD BOOK NUMBER
International Standard Book Number 9789389354447
082 ## - DEWEY DECIMAL CLASSIFICATION NUMBER
Classification number 628.53 YER
100 ## - MAIN ENTRY--PERSONAL NAME
Personal name Yerramilli, Anjaneyulu
9 (RLIN) 14261
245 #0 - TITLE STATEMENT
Title Air Pollution
250 ## - EDITION STATEMENT
Edition statement 2nd
260 ## - PUBLICATION, DISTRIBUTION, ETC.
Place of publication, distribution, etc. Hyderabad
Name of publisher, distributor, etc. BS Publications
Date of publication, distribution, etc. 2020
300 ## - PHYSICAL DESCRIPTION
Extent XXVIII, 798p.
Other physical details Rs. 995.00
650 ## - SUBJECT ADDED ENTRY--TOPICAL TERM
Topical term or geographic name entry element Air Pollution
942 ## - ADDED ENTRY ELEMENTS (KOHA)
Koha item type
Holdings
Withdrawn status Lost status Damaged status Not for loan Home library Current library Date acquired Full call number Barcode Date last seen Price effective from Koha item type
        Central Library Central Library 12/29/2022 628.53 YER 24692 12/29/2022 12/29/2022 Books

Powered by Koha